| 000 | 00707cam a22001814a 4500 | ||
|---|---|---|---|
| 005 | 20250605164357.0 | ||
| 008 | 250528s ||||||||||||||||||||||||d | ||
| 035 | _a24403 | ||
| 040 |
_aGR-AtMCL _bgre _dGR-AtMCL _eAACR2 |
||
| 245 | 1 | _aIntegrity in Pharma / Does Your Data Stand Up to Security | |
| 260 |
_bRussel Publishing Ltd, _c2019 |
||
| 300 | _a73 | ||
| 520 | _aReasons Behind Critical Key Drug Shortages in the EU and Potential Resolutions, Questioning Whether Viability Methods Effectively Detect all Viable Organisms, Are Capsosomes the Revolutionary Enzyme Carriers for Drug Delivery? | ||
| 700 | 1 |
_aWithers Nikki _99460 |
|
| 942 | _cCR | ||
| 999 |
_c9287 _d9287 |
||